The Oxford critical guide to Tacitus /

Bibliographic Details
Other Authors: Bartera, Salvador (Editor), Shannon-Henderson, Kelly E., 1985- (Editor)
Format: eBook
Language:English
Published: Oxford ; New York, NY : Oxford University Press, [2025]
Series:Oxford critical guides.
Subjects:
Online Access:Connect to the full text of this electronic book

MARC

Tag First Indicator Second Indicator Subfields
LEADER 00000cam a2200000 i 4500
001 in00005728321
005 20260319210121.0
006 m o d
007 cr |n ||||||||
008 250423s2025 enk fob 001 0 eng d
040 |a STBDS  |b eng  |e rda  |e pn  |c STBDS  |d OCLCO  |d UKMGB  |d OCLCO  |d CLOUD  |d OCLCO  |d EBLCP  |d UKKRT  |d UKAHL  |d YDX  |d UPM  |d OCLCO  |d QGK  |d PAU 
015 |a GBC549309  |2 bnb 
016 7 |a 300553460  |2 Uk 
019 |a 1371483366  |a 1523366249  |a 1545000606 
020 |a 9780191915086  |q electronic book 
020 |a 0191915084  |q electronic book 
020 |a 9780192646354  |q electronic book 
020 |a 0192646354  |q electronic book 
020 |a 9780192646347  |q electronic book 
020 |a 0192646346  |q electronic book 
020 |z 9780192894038  |q hardcover 
020 |z 9780198967583  |q paperback 
024 7 |a 10.1093/9780191915086.001.0001  |2 doi 
024 8 |a CIPO000226289 
035 |a (OCoLC)1517013747  |z (OCoLC)1371483366  |z (OCoLC)1523366249  |z (OCoLC)1545000606 
050 4 |a PA6716  |b .O94 2025 
082 0 4 |a 878/.0109  |2 23 
049 |a TXAM 
245 0 4 |a The Oxford critical guide to Tacitus /  |c edited by Salvador Bartera, Kelly E. Shannon-Henderson. 
246 3 0 |a Critical guide to Tacitus 
264 1 |a Oxford ;  |a New York, NY :  |b Oxford University Press,  |c [2025] 
300 |a 1 online resource. 
336 |a text  |b txt  |2 rdacontent 
337 |a computer  |b c  |2 rdamedia 
338 |a online resource  |b cr  |2 rdacarrier 
490 1 |a Oxford critical guides 
520 3 |a "This chapter examines Book 13 of Tacitus' Annals, the opening book in his account of the emperor Nero and covering the first four years of his reign (54–8 ce). I examine three key aspects of Book 13 touched on in the opening two chapters that lay the groundwork for much of what will transpire in books 14–16 (and were presumably present in the concluding two books of the Annals): Nero's mentors, Seneca and Burrus, as well as other individuals against whom Tacitus invites us to measure the emperor; the women in his life, especially his mother Agrippina; and Nero's increasingly bad behavior and deterioration, especially as they play out at or are associated with various locales in the city of Rome. Tacitus interweaves other issues, themes, and events into the narrative of Book 13, but usually connects them in one way or another with these three overarching concerns"--  |c Oxford Academic. 
504 |a Includes bibliographical references and index. 
505 0 |a Agricola / Sergio Audano -- Germania / Katherine Clarke -- Dialogus de oratoribus / Christopher S van den Berg -- Histories 1 / Cynthia Damon -- Histories 2 / Lydia Spielberg -- Histories 3 / S. P. Oakley -- Histories 4 / Timothy A. Joseph -- Histories 5 / René Bloch -- Annals 1 / Victoria Emma Pagán -- Annals 2 / Aske Damtoft Poulsen -- Annals 3 / Olivier Devillers -- Annals 4 / Bram ten Berge -- Annals 5 and 6: the end of the beginning / Kelly E. Shannon-Henderson -- Annals 11 and 12 / Caitlin Gillespie -- Annals 13: mentors, murder, mother, and mayhem / Alain M. Gowing -- Annals 14 / Christopher Whitton -- Annals 15 / Rhiannon Ash -- Annals 16 / Salvador Bartera. 
521 |a Specialized. 
588 |a Description based on online resource; title from digital title page (viewed on June 24, 2025). 
600 1 0 |a Tacitus, Cornelius  |x Criticism and interpretation. 
600 1 7 |a Tacitus, Cornelius  |2 fast 
650 7 |a LITERARY CRITICISM.  |2 bisacsh 
650 7 |a Literature: history & criticism.  |2 thema 
650 7 |a Literature.  |2 ukslc 
655 7 |a Electronic books.  |2 local 
700 1 |a Bartera, Salvador,  |e editor.  |1 https://id.oclc.org/worldcat/entity/E39PCjqG6d6tWr87bdc9FMh4MP 
700 1 |a Shannon-Henderson, Kelly E.,  |d 1985-  |e editor.  |1 https://id.oclc.org/worldcat/entity/E39PCjqQ4Bmvvt4HvC9jXhKKh3 
776 0 8 |i Print version:  |t Oxford critical guide to Tacitus  |d Oxford ; New York, NY : Oxford University Press, [2025]  |z 9780192894038  |w (OCoLC)1493441194 
830 0 |a Oxford critical guides. 
856 4 0 |u http://proxy.library.tamu.edu/login?url=https://academic.oup.com/book/60498  |z Connect to the full text of this electronic book  |t 0 
955 |a Oxford Scholarship Online 
994 |a 92  |b TXA 
999 f f |i e82ca332-2b44-4e7b-b9ae-ad287b119f9e  |s caac9eb4-afa6-4655-82d5-260abd462ec6  |t 0 
952 f f |a Texas A&M University  |b College Station  |c Electronic Resources  |s www_evans  |d Available Online  |t 0  |e PA6716 .O94 2025  |h Library of Congress classification 
998 f f |a PA6716 .O94 2025  |t 0  |l Available Online